| 000 | 00549nam a22001577a 4500 | ||
|---|---|---|---|
| 003 | OSt | ||
| 005 | 20151102092739.0 | ||
| 008 | 151102b xxu||||| |||| 00| 0 eng d | ||
| 040 | _cRUA | ||
| 082 | _aFOR គង់ 1993 B118 Or.1 | ||
| 100 |
_93168 _aគង់ ចំរើន |
||
| 245 | _aបញ្ហាដាំដុះព្រៃឈើឡើងវិញនាពេលបច្ចុប្បន្ន និង អនាគតនៅកម្ពុជា | ||
| 260 |
_aPhnom Penh _bRUA _c1993 |
||
| 300 |
_a76p. _bill. _c29cm. |
||
| 942 |
_2ddc _cFOR |
||
| 999 |
_c2956 _d2956 |
||